书目信息 |
| 题名: |
祝总骧三一二经络
|
|
| 作者: | 祝总骧 | |
| 分册: | ||
| 出版信息: | 北京 北京体育大学出版社 2001 |
|
| 页数: | 224 | |
| 开本: | 20cm | |
| 丛书名: | ||
| 单 册: | ||
| 中图分类: | R245.9 | |
| 科图分类: | ||
| 主题词: | 中医学:临床医学 | |
| 电子资源: | ||
| ISBN: | 7-81051-535-7 | |
| 000 | 00542nam0 2200193 450 | |
| 001 | 736480453 | |
| 005 | 20070817100800.46 | |
| 010 | @a7-81051-535-7@d¥16.00 | |
| 100 | @a20070817d km y0chiy0120 ea | |
| 101 | 0 | @achi |
| 200 | 1 | @a祝总骧三一二经络@Fzhu zong xiang@f祝总骧 |
| 210 | @a北京@c北京体育大学出版社@d2001 | |
| 215 | @a224@d20cm | |
| 606 | 0 | @a中医学:临床医学 |
| 690 | @aR245.9@v3 | |
| 701 | 0 | @a祝总骧@Azhu zong xiang |
| 801 | 0 | @aCN@bPFT@c20070817 |
| 905 | @a213230@dR245.9@et2@f1 | |
| 锻? | < | font color ='#ff0000'>@a斗?Azhu zong xiang san yi er jing luo |
| 祝总骧三一二经络/祝总骧.-北京:北京体育大学出版社,2001 |
| 224;20cm |
| ISBN 7-81051-535-7:¥16.00 |
| ● |
| 相关链接 |
|
|
|
|
正题名:祝总骧三一二经络
索取号:R245.9/t2
 
预约/预借
| 序号 | 登录号 | 条形码 | 馆藏地/架位号 | 状态 | 备注 |
| 1 | 6902079 | 269020793 | 密集书库-体育系/ [索取号:R245.9/t2] | 在馆 |